000 00580nam a2200241Ia 4500
003 OSt
005 20221005115425.0
006 a|||||r|||| 00| 0
007 ta
008 221004b |||||||| |||| 00| 0 mar d
024 _a40439
037 _cTextual
040 _aCRL
_cCRL
_bmar
041 _2mar
_amar
082 _aU8.2, 155K3
100 _aJawadkar Madhukar
_9627509
245 0 _aChakrman
260 _c1963
300 _a138p.
_ccm.
650 _aGEOGRAPHY
942 _hU8.2, 155K3
_cTEXL
_2cc
999 _c1034782
_d1034782